000
00285nam a2200133Ia 4500
008
231129s1985||||xx |||||||||||||| ||spa||
040
_b
spa
082
_a
Co861 i68d
100
_a
Iriarte Miguel
245
0
_a
Doy mi palabra
260
_c
1985
264
_a
Lealon
942
_2
ddc
_c
BKS
999
_c
9818
_d
9818